| 000 -LEADER |
| fixed length control field |
00950nam a22002532a 4500 |
| 001 - CONTROL NUMBER |
| control field |
020278842 |
| 003 - CONTROL NUMBER IDENTIFIER |
| control field |
UkOxU |
| 005 - DATE AND TIME OF LATEST TRANSACTION |
| control field |
20230127103913.0 |
| 007 - PHYSICAL DESCRIPTION FIXED FIELD--GENERAL INFORMATION |
| fixed length control field |
ta |
| 008 - FIXED-LENGTH DATA ELEMENTS--GENERAL INFORMATION |
| fixed length control field |
140108e201407uuxxka j |||||||0|f eng|d |
| 020 ## - INTERNATIONAL STANDARD BOOK NUMBER |
| International Standard Book Number |
9780753726563 (pbk.) : |
| 035 ## - SYSTEM CONTROL NUMBER |
| System control number |
(UK-WkNB)9780753726563 |
| 035 ## - SYSTEM CONTROL NUMBER |
| System control number |
(StEdALDL)1/3194792 |
| 040 ## - CATALOGING SOURCE |
| Original cataloging agency |
UK-WkNB |
| Language of cataloging |
eng |
| Transcribing agency |
UK-WkNB |
| Modifying agency |
KH8 |
| 049 ## - LOCAL HOLDINGS (OCLC) |
| Holding library |
CROBAR |
| 082 04 - DEWEY DECIMAL CLASSIFICATION NUMBER |
| Classification number |
823.92 BLY |
| 100 1# - MAIN ENTRY--PERSONAL NAME |
| Personal name |
Blyton, Enid. |
| Relator term |
author |
| 245 10 - TITLE STATEMENT |
| Title |
Mr Pink-Whistle stories / |
| Statement of responsibility, etc. |
Enid Blyton. |
| 260 ## - PUBLICATION, DISTRIBUTION, ETC. |
| Place of publication, distribution, etc. |
London : |
| Name of publisher, distributor, etc. |
Bounty Books : |
| -- |
[distributor] Littlehampton Book Services Ltd : |
| -- |
[distributor] Alliance Distribution Services Pty Ltd : |
| -- |
[distributor] Alliance Distribution Services Pty Ltd : |
| -- |
[distributor] Jonathan Ball Publishers SA, |
| Date of publication, distribution, etc. |
2014. |
| 300 ## - PHYSICAL DESCRIPTION |
| Extent |
192 p. : |
| Other physical details |
line.ill. ; |
| Dimensions |
20x13x2 cm. |
| 366 ## - TRADE AVAILABILITY INFORMATION |
| Detailed date of publication |
20140707 |
| Availability status code |
IP 20140706 |
| ISO country code |
GB |
| MARC country code |
xxk |
| Identification of agency |
Octopus Publishing Group |
| Source of availability status code |
UK-WkNB |
| 500 ## - GENERAL NOTE |
| General note |
Paperback. B-format paperback. |
| 942 ## - ADDED ENTRY ELEMENTS (KOHA) |
| Source of classification or shelving scheme |
|
| Koha item type |
Books - Non Ficton |